UM Logo

The elements of music : (Record no. 8111)

MARC details
000 -LEADER
fixed length control field 00558nam a22001697a 4500
008 - FIXED-LENGTH DATA ELEMENTS--GENERAL INFORMATION
fixed length control field 171213b xxu||||| |||| 00| 0 eng d
020 ## - INTERNATIONAL STANDARD BOOK NUMBER
International Standard Book Number 9780071147743
082 ## - DEWEY DECIMAL CLASSIFICATION NUMBER
Edition number 1996
Classification number DC 781.2
Item number T84
100 ## - MAIN ENTRY--PERSONAL NAME
9 (RLIN) 25099
Personal name Turek, Ralph, author.
245 ## - TITLE STATEMENT
Title The elements of music :
Remainder of title concepts and applications /
Statement of responsibility, etc. Ralph Turek.
250 ## - EDITION STATEMENT
Edition statement Second edition.
260 ## - PUBLICATION, DISTRIBUTION, ETC. (IMPRINT)
Place of publication, distribution, etc. New York :
Name of publisher, distributor, etc. McGraw-Hill,
Date of publication, distribution, etc. ©1996.
300 ## - PHYSICAL DESCRIPTION
Extent xvi, 528 pages :
Other physical details illustrations ;
Dimensions 28 cm.
500 ## - GENERAL NOTE
General note Includes indexes.
650 #0 - SUBJECT ADDED ENTRY--TOPICAL TERM
9 (RLIN) 25100
Topical term or geographic name as entry element Music theory
General subdivision Elementary works.
942 ## - ADDED ENTRY ELEMENTS (KOHA)
Source of classification or shelving scheme Dewey Decimal Classification
Koha item type Circulation

No items available.